Nejde len o príjmy a výdavky, ale o širšie súvislosti zamyslenie nad návrhom štátneho rozpočtu na rok 2000

Bibliographic Details
Main Author: Staněk, Peter, 1948- (Author)
Format: Article
Language:Slovak
ISSN:0862-9567
Subjects:

MARC

LEADER 00000nab a2200000 a 4500
001 vtls000709173
003 SK-MaSNL
005 20260302194526.0
008 140228c1999 xo 0 slo
015 |a SNBRB2000/01-01403 
035 |a CLN000061340 
040 |a SNKBUCL  |b slo  |c SNKBUCL  |e AACR2 
041 0 |a slo 
044 |a xo  |c SK 
080 |a 336.121(437.6)  |2 1997 
080 |a 330.532(437.6)  |2 1997 
100 1 |a Staněk, Peter,  |d 1948-  |4 aut  |9 86360 
245 1 0 |a Nejde len o príjmy a výdavky, ale o širšie súvislosti  |b zamyslenie nad návrhom štátneho rozpočtu na rok 2000  |c Peter Staněk 
650 0 7 |a rozpočet štátny  |z Slovensko  |y 2000  |x návrhy  |2 snkbucl  |9 890609 
655 7 |a články z novín a časopisov  |2 snkbucl  |9 267496 
773 0 |t Hospodárske noviny  |g Roč. 7, č. 214 (8.11.1999), s. 9  |x 0862-9567 
850 |a Slovenská národná knižnica v Martine 
852 |a SNK  |b KIS3GCP 
958 |a SK 
992 |a RBX 
999 |c 1448942  |d 1450872